វចនានុក្រម សុភាសិតខ្មែរអធិប្បាយ : (Record no. 6094)
[ view plain ]
| 000 -LEADER | |
|---|---|
| fixed length control field | 00911nam a22002417a 4500 |
| 001 - CONTROL NUMBER | |
| control field | 6094 |
| 003 - CONTROL NUMBER IDENTIFIER | |
| control field | FISKH |
| 005 - DATE AND TIME OF LATEST TRANSACTION | |
| control field | 20250311142025.0 |
| 008 - FIXED-LENGTH DATA ELEMENTS--GENERAL INFORMATION | |
| fixed length control field | 250311b cb ||||| |||| 00| 0 eng d |
| 040 ## - CATALOGING SOURCE | |
| Original cataloging agency | FISKH |
| Language of cataloging | Khmer |
| Transcribing agency | FISKH |
| Modifying agency | FISKH |
| 050 ## - LIBRARY OF CONGRESS CALL NUMBER | |
| Classification number | PZ7 |
| 082 ## - DEWEY DECIMAL CLASSIFICATION NUMBER | |
| Classification number | 400 |
| 100 ## - MAIN ENTRY--PERSONAL NAME | |
| Personal name | Thaily , Ly |
| 245 ## - TITLE STATEMENT | |
| Title | វចនានុក្រម សុភាសិតខ្មែរអធិប្បាយ : |
| Remainder of title | ភាគ ២៖ ពី "ន" ដល់ "អ" / |
| Statement of responsibility, etc. | ដោយ លី ថៃលី |
| 250 ## - EDITION STATEMENT | |
| Edition statement | First published in 2011. |
| 260 ## - PUBLICATION, DISTRIBUTION, ETC. | |
| Place of publication, distribution, etc. | Sihanouk Ville : |
| Date of publication, distribution, etc. | 2011 . |
| Name of publisher, distributor, etc. | MP Publishing House ; |
| 300 ## - PHYSICAL DESCRIPTION | |
| Extent | 630 pages : |
| Other physical details | color illustrations ; |
| Dimensions | 20 cm . |
| 520 ## - SUMMARY, ETC. | |
| Summary, etc. | N/A |
| 650 ## - SUBJECT ADDED ENTRY--TOPICAL TERM | |
| Topical term or geographic name entry element | វចនានុក្រម សុភាសិតខ្មែរ អធិប្បាយ |
| Form subdivision | សុភាសិត |
| 650 ## - SUBJECT ADDED ENTRY--TOPICAL TERM | |
| Topical term or geographic name entry element | Khmer proverb dictionary with commentary |
| Form subdivision | Proverb |
| 942 ## - ADDED ENTRY ELEMENTS (KOHA) | |
| Source of classification or shelving scheme | Dewey Decimal Classification |
| Koha item type | Books |
| Suppress in OPAC | No |
| Withdrawn status | Lost status | Source of classification or shelving scheme | Damaged status | Not for loan | Collection | Home library | Current library | Shelving location | Date acquired | Total Checkouts | Full call number | Barcode | Date last seen | Copy number | Price effective from | Koha item type |
|---|---|---|---|---|---|---|---|---|---|---|---|---|---|---|---|---|
| Dewey Decimal Classification | Khmer Language Books / សៀវភៅភាសាខ្មែរ | Footprints International School Library Network Toul Tom Poung Campus | Footprints International School Library Network Toul Tom Poung Campus | TTP Secondary Khmer Bookshelves | 03/11/2025 | THA PZ7 400 | FISSE02247 | 03/11/2025 | 1 | 03/11/2025 | Books | |||||
| Dewey Decimal Classification | Khmer Language Books / សៀវភៅភាសាខ្មែរ | Footprints International School Library Network Toul Tom Poung Campus | Footprints International School Library Network Toul Tom Poung Campus | TTP Secondary Khmer Bookshelves | 03/11/2025 | THA PZ7 400 | FISSE02130 | 03/11/2025 | 2 | 03/11/2025 | Books |
